Economic survey of live℗Ư-poultry industry in New York City.

Bibliographic Details
Corporate Author: United States. Bureau of Agricultural Economics
Format: Government Document eBook
Language:English
Published: [Washington] : [s.n.], 1937.
Subjects:
Online Access:Electronic resource (PDF)

MARC

Tag First Indicator Second Indicator Subfields
LEADER 00000cam a22000001i 4500
001 in00003944331
006 m d f
007 cr bn mmmapmmp
008 371010s1937 dcu o f000 0 eng d
005 20250210232323.3
035 |a ebd1933010955 
040 |a UMI  |c UMI  |e rda  |d UtOrBLW 
086 0 |a A 1.38:283 
099 |a A1.38..283 
110 1 |a United States.  |b Bureau of Agricultural Economics.  |0 http://id.loc.gov/authorities/names/n80060900 
245 1 0 |a Economic survey of live℗Ư-poultry industry in New York City. 
264 1 |a [Washington] :  |b [s.n.],  |c 1937. 
300 |a 1 online resource (117 pages), digital, PDF file 
336 |a text  |b txt  |2 rdacontent 
337 |a computer  |b c  |2 rdamedia 
338 |a online resource  |b cr  |2 rdacarrier 
500 |a Includes tables, maps, and illustrations. 
533 |a Electronic reproduction.  |b [Bethesda, Md.] :  |c ProQuest,  |d 2016  |e digital, PDF file.  |n ProQuest U.S. Executive Branch Documents  |n Mode of access: World Wide Web via ProQuest website. 
588 |a Record is based on online resource; title from PDF title page (ProQuest, last viewed July 2016). Reuse except for individual research requires license from ProQuest, LLC. 
650 0 |a Poultry industry.  |0 http://id.loc.gov/authorities/subjects/sh85105924 
650 0 |a Farm produce  |x Marketing.  |0 http://id.loc.gov/authorities/subjects/sh85047242 
650 0 |a Wholesale trade.  |0 http://id.loc.gov/authorities/subjects/sh85146575 
650 0 |a Agricultural prices.  |0 http://id.loc.gov/authorities/subjects/sh85002394 
856 4 0 |u http://proxy.library.tamu.edu/login?url=http://congressional.proquest.com/congressional/docview/t66.d71.a1.38..283?  |y Electronic resource (PDF)  |t 0 
999 f f |s 43371e50-166f-308f-8a4b-004221465f7b  |i 9198e5ad-16cd-3de4-8943-55b26c2012cd  |t 0 
952 f f |a Texas A&M University  |b College Station  |c Electronic Resources  |d Available Online  |t 0  |h No information provided 
998 f f |t 0  |l Available Online